| 000 | 00408pab a2200145 454500 | ||
|---|---|---|---|
| 008 | 180718b2003 xxu||||| |||| 00| 0 eng d | ||
| 100 | _aNeumayer, Eric | ||
| 245 | _aWhat factors determine the allocation of aid by Arab Countries and multilateral agencies? | ||
| 260 | _c2003 | ||
| 300 | _ap.134-47. | ||
| 362 | _aApr | ||
| 650 | _aForeign aid | ||
| 773 | _aJournal of Development Studies | ||
| 909 | _a56782 | ||
| 999 |
_c56782 _d56782 |
||